00639cam a22002291 4500001001300000003000400013005001700017008004100034010001700075025002000092035001800112040002200130042001200152050002000164100003400184245003700218246001900255260004800274300002000322500005000342999001700392sa 68018059 DLC20260227112708.0720418s1966 io 000 1 ind  asa 68018059  aPL480:Indo-5321 a(OCoLC)287372 aDLCcOAUdWUdDLC apremarc00aPL5089.S478bD71 aSimatupang, Iwan,d1928-1970.10aDrama sebabak :bPetang ditaman.23aPetang ditaman aDjakarta :bPenerbit Bakti Pustaka,c[1966] a28 p. ;c19 cm. aPreviously published in the periodical Roman. c88149d88149